[Event "RSA-ch U10 Girls"]
[Site "Gauteng"]
[Date "2017.04.09"]
[Round "8"]
[White "Claassen, Carli"]
[Black "Bruintjies, Hailey Carla"]
[Result "0-1"]
[WhiteElo "975"]
[BlackElo "988"]
[PlyCount "60"]
[EventDate "2017.04.05"]
[EventType "swiss"]
[EventRounds "11"]
[EventCountry "RSA"]
[SourceTitle "CBM 177 Extra"]
[Source "ChessBase"]
[SourceDate "2017.04.27"]
[SourceVersion "1"]
[SourceVersionDate "2017.04.27"]
[SourceQuality "1"]

1. e4 d5 2. exd5 Qxd5 3. Nc3 Qa5 4. d4 Nf6 5. Bd2 c6 6. Bc4 e6 7. Nf3 Be7 8. 0-0 0-0 9. Nd5 Qd8 10. Nxe7+ Qxe7 11. a3 Qd8 12. Ne5 Qxd4 13. Bxe6 Bxe6 14. Re1 Nbd7 15. Nf3 Qd6 16. Qc1 Rfd8 17. Rd1 Qe7 18. Re1 Nc5 19. Bb4 a5 20. Bxc5 Qxc5 21. Ng5 Qf5 22. Nxe6 fxe6 23. Re2 Rd6 24. h3 Rad8 25. Re1 Rd2 26. Rf1 Re2 27. c3 Rdd2 28. Qb1 Rxf2 29. Re1 Rxg2+ 30. Kh1 Qxh3# 0-1

[Event "RSA-ch U10 Girls"]
[Site "Bloemfontein"]
[Date "2016.03.24"]
[Round "9"]
[White "De Beer, Mignonne Alet"]
[Black "Claassen, Carli"]
[Result "1-0"]
[WhiteElo "819"]
[BlackElo "795"]
[PlyCount "135"]
[EventDate "2016.03.20"]
[EventType "swiss"]
[EventRounds "11"]
[EventCountry "RSA"]
[SourceTitle "CBM 171 Extra"]
[Source "ChessBase"]
[SourceDate "2016.04.26"]
[SourceVersion "1"]
[SourceVersionDate "2016.04.26"]
[SourceQuality "1"]

1. e4 e5 2. Nf3 Nc6 3. Bb5 f5 4. Bxc6 dxc6 5. exf5 e4 6. Qe2 Qe7 7. Nd4 Nf6 8. f3 exf3 9. Qxe7+ Bxe7 10. gxf3 0-0 11. d3 h6 12. Rg1 Kh7 13. Bf4 Re8 14. Rg2 Bb4+ 15. Kf1 Re1+ 16. Kf2 Bd7 17. c3 Re7 18. cxb4 Rae8 19. Nc3 Nh5 20. Bxc7 Re3 21. Rd1 R3e7 22. Rgg1 Bc8 23. Rge1 Nf6 24. Rxe7 Rxe7 25. Bf4 Bd7 26. Re1 Rf7 27. Ne6 Nh5 28. Be5 Rxf5 29. Nd4 Rf7 30. a4 Bg4 31. Re4 Bd7 32. b5 c5 33. Nb3 b6 34. Bd6 Nf6 35. Re7 Rf8 36. Be5 Ng4+ 37. Kg3 Nxe5 38. Rxe5 Rf6 39. Re7 Rg6+ 40. Kf4 Rf6+ 41. Ke5 Rf5+ 42. Ke4 Bc8 43. Rxa7 Rf6 44. a5 Bf5+ 45. Ke5 Be6 46. Nd2 Bc8 47. Rc7 Re6+ 48. Kd5 Rg6 49. Rxc8 Rg5+ 50. Kc6 Rg6+ 51. Kb7 Rg2 52. a6 Rxd2 53. a7 Rxd3 54. a8Q Rxf3 55. Rh8+ Kg6 56. Qe8+ Kf5 57. Rf8+ Kg4 58. Qe6+ Kh4 59. Rxf3 Kh5 60. Rh3+ Kg5 61. Ne4+ Kf4 62. Rh4+ Kf3 63. Qc6 g5 64. Nxg5+ Kf2 65. Qf3+ Ke1 66. Re4+ Kd2 67. Re2+ Kd1 68. Qf1# 1-0

[Event "RSA-ch U10 Girls"]
[Site "Bloemfontein"]
[Date "2016.03.23"]
[Round "7"]
[White "Steyn, Zurika"]
[Black "Claassen, Carli"]
[Result "0-1"]
[WhiteElo "692"]
[BlackElo "795"]
[PlyCount "29"]
[EventDate "2016.03.20"]
[EventType "swiss"]
[EventRounds "11"]
[EventCountry "RSA"]
[SourceTitle "CBM 171 Extra"]
[Source "ChessBase"]
[SourceDate "2016.04.26"]
[SourceVersion "1"]
[SourceVersionDate "2016.04.26"]
[SourceQuality "1"]

1. e4 e5 2. Nf3 Nc6 3. Bc4 Bc5 4. Nc3 d6 5. d3 h6 6. Be3 Bb6 7. h3 Nf6 8. Ng5 hxg5 9. Bxg5 Qe7 10. Nd5 Qd8 11. Nxf6+ gxf6 12. Qf3 Be6 13. Bxe6 Qd7 14. Bb3 Rg8 15. 0-0 0-1

[Event "RSA-chT U10"]
[Site "Cape Town"]
[Date "2016.01.04"]
[Round "1.10"]
[White "Burgers, Adriaan"]
[Black "Claassen, Carli"]
[Result "1-0"]
[WhiteElo "797"]
[BlackElo "941"]
[PlyCount "59"]
[EventDate "2016.01.04"]
[EventType "team-tourn"]
[EventRounds "7"]
[EventCountry "RSA"]
[SourceTitle "CBM 170 Extra"]
[Source "ChessBase"]
[SourceDate "2016.02.25"]
[SourceVersion "1"]
[SourceVersionDate "2016.02.25"]
[SourceQuality "1"]
[WhiteTeam "Tshwane"]
[BlackTeam "Western Province"]
[WhiteTeamCountry "RSA"]
[BlackTeamCountry "RSA"]

1. d4 d5 2. c4 e6 3. Bf4 Nf6 4. Bg5 Be7 5. Bxf6 Bxf6 6. e3 c6 7. Bd3 Nd7 8. Nf3 0-0 9. 0-0 Re8 10. h3 Nf8 11. b3 Ng6 12. Bxg6 hxg6 13. Nbd2 b6 14. Ne5 Bxe5 15. dxe5 Qg5 16. f4 Qh4 17. Qg4 Qe7 18. Qg5 Qb4 19. Nf3 Qc3 20. Rfe1 Qb4 21. a3 Qxb3 22. cxd5 Qxd5 23. Rad1 Qc5 24. Rd8 Rxd8 25. Qxd8+ Kh7 26. Rd1 Qxe3+ 27. Kh1 Bb7 28. Ng5+ Kh6 29. Nxf7+ Kh5 30. Qg5# 1-0